| 000 | 00000cam 2200000zi 4500 |
| 001 | 9.954480 |
| 003 | CaOODSP |
| 005 | 20260220132522 |
| 006 | m o d f |
| 007 | cr mn||||||||| |
| 008 | 250826e202506##onca ob f000 0 eng d |
| 020 | |a9780660786452 |
| 040 | |aCaOODSP|beng|erda|cCaOODSP |
| 043 | |an-cn--- |
| 086 | 1 |aIu37-59/2025E-PDF |
| 245 | 00|aManagement of public reporting of unidentified aerial phenomena in Canada : |breport of the Sky Canada Project. |
| 264 | 1|aOttawa, Ontario : |bOffice of the Chief Science Advisor of Canada = Bureau du conseillère scientifique en chef du Canada, |cJune 2025. |
| 264 | 4|c©2025 |
| 300 | |a1 online resource (59 pages) : |billustrations (chiefly colour) |
| 336 | |atext|btxt|2rdacontent |
| 337 | |acomputer|bc|2rdamedia |
| 338 | |aonline resource|bcr|2rdacarrier |
| 500 | |aIssued also in French under title: Gestion des signalements publics de phénomènes aériens non identifiés au Canada : rapport sur le projet Ciel Canada. |
| 504 | |aIncludes bibliographical references (pages 55-[58]). |
| 520 | |a"In early 2023, the Office of the Chief Science Advisor (OCSA) announced the creation of the Sky Canada Project. At the outset, its main objectives were: to review current unidentified aerial phenomena (UAP) reporting methods in Canada and propose improvements as needed; to enable Canada's federal government to optimize the collection and analysis of UAP observations in a transparent manner; to provide insight for better tools to combat misinformation and disinformation; to encourage participatory science and public understanding of aerial phenomena; to support monitoring of Canada's airspace. … This report presents the Sky Canada Project's findings, including: the challenges associated with collecting and analyzing reliable data on UAP sightings; a review of Canada's historical federal government practices for UAP reporting; a description of how Canadian government departments and agencies currently receive and manage UAP-related information from their partners and the public, as well as a brief overview of non-government groups that also receive UAP sighting reports from the public; a summary of the approaches taken by a few other countries. The report offers fourteen recommendations for improving reporting and data collection on UAP sightings in Canada"--Objectives, page 13. |
| 650 | 0|aUnidentified flying objects|xSightings and encounters|zCanada. |
| 650 | 0|aUnidentified flying objects|xGovernment policy|zCanada. |
| 650 | 0|aUnidentified flying objects|xSightings and encounters|zCanada|xPublic opinion. |
| 650 | 0|aUnidentified flying objects|xGovernment policy|zCanada|xPublic opinion. |
| 650 | 0|aPublic opinion|zCanada. |
| 710 | 1 |aCanada. |bOffice of the Chief Science Advisor, |eissuing body. |
| 775 | 08|tGestion des signalements publics de phénomènes aériens non identifiés au Canada : |w(CaOODSP)9.954481 |
| 776 | 0#|tManagement of public reporting of unidentified aerial phenomena in Canada.|w(CaOODSP)9.954482 |
| 856 | 40|qPDF|s4.15 MB|uhttps://publications.gc.ca/collections/collection_2026/isde-ised/Iu37-59-2025-eng.pdf |
| 856 | 4 |qHTML|sN/A|uhttps://science.gc.ca/site/science/en/office-chief-science-advisor/sky-canada-project/management-public-reporting-unidentified-aerial-phenomena-canada |